LEADER 00408nab a2200145 i 4500 001 000000263490 003 CaOOAMICUS 005 20060112000000.0 008 060112n xx uu u0 0und r 013 $a5183 040 $aSeMil$bita 245 10$a[SENZA TITOLO]. 500 $aDezember 2005. 773 0 $t2005.$dTübingen : Mohr Siebeck, copyr. 2005.$w()137515 996 $6245$a[SENZA TITOLO]$9(OLS)http://semarc/title/354609 LEADER 01721nam a2200289 i 4500 001 000000247620 003 CaOOAMICUS 005 20160126000000.0 008 160126s2012 it u000 u ita u 013 $a226525 040 $aSeMil$bita 100 1 $aCannone, Daniele.$0(OLS)http://semarc/name/82919 245 13$aIl tentativo di suicidio negli adolescenti di oggi :$bdisagio e sistema preventivo di don Bosco /$cUniversitą Cattolica del Sacro Cuore. Sede di Milano, Facoltą di Scienze della Formazione. Corso di laurea specialistica in consulenza pedagogica per la disabilitą e per la marginalitą ; chiar.mo prof. Vittore Mariani ; tesi di laurea di Daniele Cannone. 260 $aMilano :$b[s.n.],$c2012. 300 $a451 c. ;$c30 cm. 500 $aContiene : Bibliografia ; Sitografia. - Ai pie' del front : Anno Accademico 2011/2012. 650 4$aTesi di laurea.$0(OLS)http://semarc/subject/1690 650 4$aBosco, Giovanni - Pensiero pedagogico.$0(OLS)http://semarc/subject/2508 650 4$aBosco, Giovanni - Sistema preventivo.$0(OLS)http://semarc/subject/10546 650 4$aAdolescenti - Suicidio.$0(OLS)http://semarc/subject/24362 700 1 $aMariani, Vittore,$d<1960- >.$0(OLS)http://semarc/name/30397 710 2 $aUniversitą Cattolica del Sacro Cuore .$0(OLS)http://semarc/name/1672 850 $aSeMil 852 $aSeMil$W1$xVenegono$y1$m4X II 92$j197966$B197966$CSeMilBibl$Z2$F209215 $8L 961 $aOmaggio: Altro 996 $6245$aIl tentativo di suicidio negli adolescenti di oggi :$bdisagio e sistema preventivo di don Bosco$9(OLS)http://semarc/title/349618 996 $6260$aMilano :$b[s.n.]$9(OLS)http://semarc/publisher/29709